| 000 | 01345cam a22002655a 4500 | ||
|---|---|---|---|
| 001 | L137429 | ||
| 002 | 16613 | ||
| 008 | 070405s2007 xxk f 000 0 eng d | ||
| 020 | _a0132325713 | ||
| 035 | _a(Sirsi) u137429 | ||
| 041 | 0 | _aeng | |
| 050 | 0 | 4 | _a690 $2 18 |
| 100 | 1 | _aOsbourn, Derek | |
| 245 | 0 | 0 | _aMitchell's introduction to building |
| 260 |
_aHarlow _bPearson Education Limited _c2007 |
||
| 300 |
_axiii, 304p. _c25cm. |
||
| 350 | _a31.99 | ||
| 505 | 2 | _aThe requirements of a building -- Appearance -- Durability -- Dimensional suitability -- Strength and stability -- Weather exclusion -- Sound control -- Thermal comfort and efficiency -- Fire protection -- Lighting and ventilation -- Sanitation and drainage -- Security -- Cost -- Building processes -- The building team -- Communication -- Construction method | |
| 520 | _aDiscusses the development of a building site from the initial planning and design through to contract procurement and construction. Discusses the processes required, the team responsible for construction and the methods used in communicating information. Discusses construction methods, the interaction of components and the processes for assembly. | ||
| 590 | _aKA | ||
| 651 | 4 |
_aUnited Kingdom _y |
|
| 690 | _aBUILT ENVIRONMENT-CONSTRUCTION DESIGN | ||
| 700 | 1 | _aGreeno, Roger | |
| 942 | _n0 | ||
| 999 |
_c106775 _d106775 |
||